杨氏太极拳阐秘 (Record no. 68065)
[ view plain ]
| 000 -LEADER | |
|---|---|
| fixed length control field | 00517nam a22001817a 4500 |
| 003 - CONTROL NUMBER IDENTIFIER | |
| control field | MPLRDC |
| 005 - DATE AND TIME OF LATEST TRANSACTION | |
| control field | 20220104203318.0 |
| 008 - FIXED-LENGTH DATA ELEMENTS--GENERAL INFORMATION | |
| fixed length control field | 210129b ||||| |||| 00| 0 eng d |
| 082 ## - DEWEY DECIMAL CLASSIFICATION NUMBER | |
| Classification number | 528.972 PDM |
| 100 ## - MAIN ENTRY--PERSONAL NAME | |
| Personal name | 庞大明 |
| 245 ## - TITLE STATEMENT | |
| Title | 杨氏太极拳阐秘 |
| Statement of responsibility, etc. | |
| 250 ## - EDITION STATEMENT | |
| Edition statement | 初版一刷 |
| 260 ## - PUBLICATION, DISTRIBUTION, ETC. | |
| Place of publication, distribution, etc. | 中国 |
| Name of publisher, distributor, etc. | 人民体育出版社 |
| Date of publication, distribution, etc. | 2007 |
| 300 ## - PHYSICAL DESCRIPTION | |
| Other physical details | 平 |
| 520 ## - SUMMARY, ETC. | |
| Summary, etc. | 新书上架 2018-08-01。<br/>2018-04-18 破损--pg.101-102下方。 |
| 650 ## - SUBJECT ADDED ENTRY--TOPICAL TERM | |
| Topical term or geographic name entry element | 太极拳;少林拳;八卦拳 |
| 942 ## - ADDED ENTRY ELEMENTS (KOHA) | |
| Koha item type | Book |
| -- | 528.972 PDM |
| Withdrawn status | Lost status | Source of classification or shelving scheme | Damaged status | Not for loan | Collection code | Home library | Current library | Shelving location | Date acquired | Cost, normal purchase price | Total Checkouts | Total Renewals | Full call number | Barcode | Date last seen | Date last checked out | Price effective from | Koha item type | Public note |
|---|---|---|---|---|---|---|---|---|---|---|---|---|---|---|---|---|---|---|---|
| Malaysian Public Library, Research and Development Centre | Malaysian Public Library, Research and Development Centre | 27/06/2018 | 22.80 | 1 | 528.972 PDM | 00061597 | 18/03/2021 | 14/02/2019 | 18/03/2021 | Book | mplrdc |
